REFRIGERATION AND AIR CONDITIONING (PB) (Record no. 32772)

000 -LEADER
fixed length control field 00321nam a22001337a 4500
020 ## - INTERNATIONAL STANDARD BOOK NUMBER
International Standard Book Number 9788120326712
082 ## - DEWEY DECIMAL CLASSIFICATION NUMBER
Classification number 621.56
100 ## - MAIN ENTRY--PERSONAL NAME
Personal name Ameen, Ahmadul
245 ## - TITLE STATEMENT
Title REFRIGERATION AND AIR CONDITIONING (PB)
260 ## - PUBLICATION, DISTRIBUTION, ETC.
Place of publication, distribution, etc. New Delhi:
Name of publisher, distributor, etc. PHI Learning,
Date of publication, distribution, etc. 2012.
300 ## - PHYSICAL DESCRIPTION
Extent 504 p. ;
Other physical details 23 cm.
500 ## - GENERAL NOTE
General note Paperback.
942 ## - ADDED ENTRY ELEMENTS (KOHA)
Koha item type Book
Holdings
Withdrawn status Lost status Source of classification or shelving scheme Damaged status Not for loan Permanent Location Current Location Date acquired Total Checkouts Total Renewals Full call number Barcode Checked out Date last seen Date last checked out Price effective from Koha item type
          School of Mechanical & Manufacturing Engineering (SMME) School of Mechanical & Manufacturing Engineering (SMME) 11/18/2015 4 2 621.56 AME SMME-1706 05/29/2026 04/29/2026 04/29/2026 11/18/2015 Book
© 2023 Central Library, National University of Sciences and Technology. All Rights Reserved.